000
00218nam a22000857a 4500
008
170203b xxu||||| |||| 00| 0 eng d
100
_9
2771
_a
Bhan.W.etal.
245
_a
Interactive English-8
260
_a
New Delhi
_b
Parth
_c
2010
999
_c
5962
_d
5962